| 000 | 00593nam a22001937a 4500 | ||
|---|---|---|---|
| 003 | SISC | ||
| 005 | 20160224092818.0 | ||
| 008 | 130902t xxu||||| |||| 00| 0 eng d | ||
| 020 | _a9810191456 | ||
| 050 |
_aQD 31.244 _b.P929 2004 |
||
| 082 |
_aHS 540 _bP921 2004 |
||
| 100 |
_aPrescott, Christopher N. _916075 |
||
| 245 |
_aChemistry : _ba course for 'O' level / _cChristopher N. Prescott. |
||
| 260 |
_aSingapore : _bTimes Media Private Limited, _cc2004. |
||
| 300 |
_a364 p. : _bcol. ill. ; _c28 cm. |
||
| 650 |
_atextbook _xchemistry. _916076 |
||
| 942 |
_2lcc _cBK |
||
| 999 |
_c10137 _d10137 |
||